| 000 | 00439cam a22001934a 4500 | ||
|---|---|---|---|
| 005 | 20250605164313.0 | ||
| 008 | 250528s ||||||||||||||||||||||||d | ||
| 035 | _a22579 | ||
| 020 | _a9780130961303 | ||
| 040 |
_aGR-AtMCL _bgre _dGR-AtMCL _eAACR2 |
||
| 245 | 1 | _aAUTHORWARE | |
| 250 | _a2 | ||
| 260 |
_bPrentice Hall, _c1999 |
||
| 300 | _a347 | ||
| 700 | 1 |
_aCooper Simon _92072 |
|
| 942 | _cBK | ||
| 999 |
_c7627 _d7627 |
||